00544nam a2200169 i 4500001000300000100002600003245008600029260002100115040000800136041000800144080001000152942000700162008004100169999001700210856009800227952004900325bg1 aCYGAŃSKI, Mirosław 0aSS w polityce zagranicznej III Rzeszy w latach 1934-1945 /cMirosław Cygański. aWarszawa,c1975. cBPK apol a943.0 cKS s pl f |000 0 pol  c27248d27248 uhttp://koha.tu.koszalin.pl/cgi-bin/koha/opac-detail.pl?biblionumber=27248yKatalog online BPK 00104070aBPKbBPKcwo20849p01693980yKS